000 00604nam a2200169 i 4500
001 39478
003 ES-MaACL
005 20230906160009.0
007 t|
008 030303s1871 sp ||||1| spa d
100 1 _aCancio Villa-Amil, Mariano.
_934438
245 1 0 _aSituación del Tesoro público redactado en virtud de Orden del Ministro de Hacienda el 15 de octubre de 1871 /
_cMariano Cancio Villa-Amil.
260 _aMadrid :
_b[s.n.,
_c1871] (
_fGincesta)
300 _a109 p. ;
_c31 cm.
650 0 4 _aHacienda pública-
_zEspaña.
_913281
852 _aES-MaACL
_jT-654-F-1
_z.- Dont. del sr. Sanjurjo
999 _c39478
_d39478